000 00730nam0a22002531 4500
001 rc\2781283
005 20250806210252.0
035 _a(NLR Aleph) 006907519
090 _a21842
_c21842
100 _a20110915d1942 u y0rusy50 ca
101 0 _arus
102 _aRU
105 _ay z |||a|
200 1 _aЗа тебя, моя родина
_e(Рассказы)
_fА. А. Федоров
210 _aУлан-Удэ
_cБургиз
_d1942
215 _a68 с.
_d14 см.
700 1 _aФедоров
_bА.А.
801 0 _aRU
_bNLR
_gpsbo
801 1 _aRU
_bELAR
_2rusmarc
852 _aNLR
_jЛ30 Г-2/347
942 _cBOOK
945 _aРоссийская национальная библиотека
980 _aNB
980 _aBV